00390nam a2200145Ia 450000100060000000300070000600800410001304000110005424500500006565300500011565300230016565300320018894200070022099900170022720956GE_BSU181216s||||||||xx |||||||||||||| ||und|| cGE_BSU aParis Match, du 15 AU 21 jiun. №3552. 2017 aParis Match, du 15 AU 21 jiun. №3552. 2017 aПериодика aპერიოდიკა cCR c53905d53905